A manual of co-operative law and practice :

Saved in:
书目详细资料
主要作者: Surridge, B. J
其他作者: Margaret, Digby
格式: 图书
出版: England : Plunkett Foundation , c1972.
版:3rd ed.
主题:
标签: 添加标签
没有标签, 成为第一个标记此记录!

MARC

LEADER 00000nam a2200000 4500
020 |a NA  |c TZS 33/= 
040 |a MUL  |b eng  |e AACR 
082 |a 346.0433 SUR 
100 |a  Surridge, B. J 
245 |a A manual of co-operative law and practice : 
250 |a 3rd ed. 
260 |a England :  |b Plunkett Foundation ,  |c c1972. 
300 |a v, 274 p. :  |c 21 cm. 
504 |a It includes index 
650 |a Cooperative societies--Law and legislation  |z England 
650 |a Co-operative Principles 
650 |a Cooperative societies 
700 |a  Margaret, Digby. 
942 |c BK 
999 |c 1246  |d 1246